| 000 | 00549nam a2200229Ia 4500 | ||
|---|---|---|---|
| 008 | 171120s9999 xx 000 0 und d | ||
| 020 | _a9.7807946063e+012 | ||
| 050 | _a915.99 | ||
| 050 | _bE962 2001 | ||
| 245 | _aExciting Philippines : | ||
| 245 | _ba visual journey / | ||
| 260 | _aPhilippines : | ||
| 260 | _bPeriplus, | ||
| 260 | _c2001 | ||
| 300 | _a64 pages : | ||
| 300 | _billustrations ; | ||
| 300 | _c30cm. | ||
| 650 | _aPhilippines -- | ||
| 650 | _aPhilippines. | ||
| 650 | _aTravel. | ||
| 650 | _xDescription and travel. | ||
| 999 |
_c345369 _d345369 |
||